Colombia: the economic foundation of peace (Record no. 288812)

000 -LEADER
fixed length control field 00584cam a22001817a 4500
008 - FIXED-LENGTH DATA ELEMENTS--GENERAL INFORMATION
fixed length control field 180718b2003 xxu||||| |||| 00| 0 eng d
020 ## - INTERNATIONAL STANDARD BOOK NUMBER
International Standard Book Number 0821353489
082 ## - DEWEY DECIMAL CLASSIFICATION NUMBER
Classification number D47x861 G448
245 ## - TITLE STATEMENT
Title Colombia: the economic foundation of peace
Statement of responsibility, etc. edited by Marcelo M. Giugale, Olivier Lafourcade and Connie Luff
260 ## - PUBLICATION, DISTRIBUTION, ETC.
Place of publication, distribution, etc. Washington, D.C.
Name of publisher, distributor, etc. The World Bank
Date of publication, distribution, etc. 2003
300 ## - PHYSICAL DESCRIPTION
Extent 994p.
650 ## - SUBJECT ADDED ENTRY--TOPICAL TERM
Topical term or geographic name entry element Colombia - Economic conditions
650 ## - SUBJECT ADDED ENTRY--TOPICAL TERM
Topical term or geographic name entry element Violence - Colombia
650 ## - SUBJECT ADDED ENTRY--TOPICAL TERM
Topical term or geographic name entry element Peace - Colombia
700 ## - ADDED ENTRY--PERSONAL NAME
Personal name Luff, Connie
700 ## - ADDED ENTRY--PERSONAL NAME
Personal name Lafourcade, Olivier
700 ## - ADDED ENTRY--PERSONAL NAME
Personal name Giugale, Marcelo M.
Holdings
Withdrawn status Lost status Damaged status Not for loan Permanent Location Current Location Date acquired Full call number Barcode Date last seen Price effective from Koha item type
        Indian Institute of Public Administration Indian Institute of Public Administration 2003-02-18 D47x861 G448 WB9496 2018-07-20 2018-07-20 WB

Powered by Koha